<?xml version="1.0" encoding="UTF-8"?><?xml-stylesheet type="text/xsl" href="static/style.xsl"?><OAI-PMH xmlns="http://www.openarchives.org/OAI/2.0/" xmlns:xsi="http://www.w3.org/2001/XMLSchema-instance" xsi:schemaLocation="http://www.openarchives.org/OAI/2.0/ http://www.openarchives.org/OAI/2.0/OAI-PMH.xsd"><responseDate>2026-04-17T03:37:27Z</responseDate><request verb="GetRecord" identifier="oai:www.recercat.cat:2117/421057" metadataPrefix="marc">https://recercat.cat/oai/request</request><GetRecord><record><header><identifier>oai:recercat.cat:2117/421057</identifier><datestamp>2026-01-28T02:10:55Z</datestamp><setSpec>com_2072_1033</setSpec><setSpec>col_2072_452950</setSpec></header><metadata><record xmlns="http://www.loc.gov/MARC21/slim" xmlns:dcterms="http://purl.org/dc/terms/" xmlns:xsi="http://www.w3.org/2001/XMLSchema-instance" xmlns:doc="http://www.lyncode.com/xoai" xsi:schemaLocation="http://www.loc.gov/MARC21/slim http://www.loc.gov/standards/marcxml/schema/MARC21slim.xsd">
   <leader>00925njm 22002777a 4500</leader>
   <datafield ind2=" " ind1=" " tag="042">
      <subfield code="a">dc</subfield>
   </datafield>
   <datafield ind2=" " ind1=" " tag="720">
      <subfield code="a">Díez Herrero, Andrés</subfield>
      <subfield code="e">author</subfield>
   </datafield>
   <datafield ind2=" " ind1=" " tag="720">
      <subfield code="a">Hernández Ruiz, Mario</subfield>
      <subfield code="e">author</subfield>
   </datafield>
   <datafield ind2=" " ind1=" " tag="720">
      <subfield code="a">López Gutiérrez, Julio</subfield>
      <subfield code="e">author</subfield>
   </datafield>
   <datafield ind2=" " ind1=" " tag="720">
      <subfield code="a">Bladé i Castellet, Ernest</subfield>
      <subfield code="e">author</subfield>
   </datafield>
   <datafield ind2=" " ind1=" " tag="720">
      <subfield code="a">Sanz Ramos, Marcos</subfield>
      <subfield code="e">author</subfield>
   </datafield>
   <datafield ind2=" " ind1=" " tag="260">
      <subfield code="c">2024-10</subfield>
   </datafield>
   <datafield ind2=" " ind1=" " tag="520">
      <subfield code="a">La erupción del volcán de Tajogaite en la isla de La Palma (Islas Canarias), entre septiembre y diciembre de 2021, generó una ingente cantidad de depósitos piroclásticos de caída (tefra), de los que aún permanecen acumulaciones en sectores próximos al cono que superan los 3 m de espesor. Durante la erupción, y con posterioridad a esta, se ha producido la removilización de la tefra, tanto por acciones antrópicas de retirada y limpieza en edificios, vías de comunicación y otras infraestructuras, como por procesos naturales debidos a las dinámicas volcánica, eólica, gravitacional e hídrica. Para estimar la capacidad de removilización hídrica en los procesos naturales y prevenir posibles peligros y riesgos asociados a eventos extremos de tipo lahar por precipitaciones intensas, se han realizado ensayos de removilización antrópica en campo, usando lluvia artificial y escorrentía concentrada sobre microparcelas experimentales y sectores de laderas y fondo de uno de los barrancos del sector suroccidental de la isla (barranco de Tamanca). Con ellos se ha podido estimar qué variables (pendiente, granulometría y tipo de cobertura de la superficie, tefra desnuda, vegetada o roca consolidada) condicionan tanto la generación de la escorrentía como el inicio de la removilización, así como obtener unos valores umbral orientativos. Entre todas las variables, la que mayor influencia tiene en el inicio de las removilizaciones no es la pendiente, como cabría esperar, sino la concentración de la escorrentía en superficies impermeables (rocas consolidadas, superficies antropizadas) o en las ramas y tallos de la vegetación arbustiva y arbórea. Estos resultados tienen utilidad práctica para la cartografía preventiva de las zonas susceptibles de ser removilizadas, como valores de entrada en modelos numéricos de desencadenamiento y circulación de flujos no newtonianos por laderas y barrancos, de los que derivarán mapas de riesgos para la ordenación territorial y la gestión de las emergencias.</subfield>
   </datafield>
   <datafield ind2=" " ind1=" " tag="520">
      <subfield code="a">Peer Reviewed</subfield>
   </datafield>
   <datafield ind2=" " ind1=" " tag="520">
      <subfield code="a">Derechos de autor 2024 Andrés Díez-Herrero, Mario Hernández Ruiz, Julio López Gutiérrez, Javier Martínez-Martínez, José F. Mediato, Juana Vegas, María Ángeles Perucha, Daniel Vázquez-Tarrío, K. Patricia Sandoval-Rincón, Julio Garrote, J. Heriberto Lorenzo, Ernest Bladé i Castellet, Marcos Sanz-Ramos, Nieves Sánchez, Inés Galindo.</subfield>
   </datafield>
   <datafield ind2=" " ind1=" " tag="520">
      <subfield code="a">Postprint (published version)</subfield>
   </datafield>
   <datafield tag="653" ind2=" " ind1=" ">
      <subfield code="a">Àrees temàtiques de la UPC::Enginyeria civil::Geologia::Hidrologia</subfield>
   </datafield>
   <datafield tag="653" ind2=" " ind1=" ">
      <subfield code="a">Lahares</subfield>
   </datafield>
   <datafield tag="653" ind2=" " ind1=" ">
      <subfield code="a">La Palma</subfield>
   </datafield>
   <datafield tag="653" ind2=" " ind1=" ">
      <subfield code="a">Piroclastos</subfield>
   </datafield>
   <datafield tag="653" ind2=" " ind1=" ">
      <subfield code="a">Removilización</subfield>
   </datafield>
   <datafield tag="653" ind2=" " ind1=" ">
      <subfield code="a">Tajogaite</subfield>
   </datafield>
   <datafield tag="653" ind2=" " ind1=" ">
      <subfield code="a">Volcán</subfield>
   </datafield>
   <datafield ind2="0" ind1="0" tag="245">
      <subfield code="a">Ensayos en campo de removilización hídrica de piroclastos del volcán de Tajogaite de 2021 (La Palma, Islas Canarias)</subfield>
   </datafield>
</record></metadata></record></GetRecord></OAI-PMH>